|
|
|
|
| LEADER |
01672nam a2200277 a 4500 |
| 001 |
14478262 |
| 008 |
100523s2007 nyu b 001 0 eng d |
| 010 |
|
|
|a \\2006025342
|
| 020 |
|
|
|a 0791092984 (hardcover)
|
| 020 |
|
|
|a 9780791092989 (hardcover)
|
| 020 |
|
|
|a 8130904578
|
| 040 |
|
|
|a DLC
|c DLC
|d YDX
|d BAKER
|d YDXCP
|d BTCTA
|d DLC
|d BD-DhAAL
|
| 082 |
0 |
0 |
|a 833/.912
|2 22
|
| 245 |
0 |
0 |
|a Franz Kafka's The metamorphosis /
|c edited & with an introduction by Harold Bloom.
|
| 246 |
3 |
|
|a Metamorphosis
|
| 260 |
|
|
|a New York :
|b Chelsea House,
|c c2007.
|
| 300 |
|
|
|a 87 p. ;
|c 23 cm.
|
| 490 |
0 |
|
|a Bloom's guides
|
| 504 |
|
|
|a Includes bibliographical references (p. 75-78) and index.
|
| 505 |
0 |
|
|a Biographical sketch -- The story behind the story -- List of characters -- Summary and analysis -- Critical views -- Mark M. Anderson on the bug as metaphor -- Stanley Corngold on the distortion of metaphor -- George Gibeon compares The metamorphosis with The judgment -- M. Elizabeth Macandrew on the father/son reversal -- Philip H. Rhein compares Kafka with artist Alfred Kubin -- Michael Rowe on themes in The metamorphosis -- Michael P. Ryan on the name Samsa -- Mark Spilka on Kafka's predecessors -- Peter Stine on familial relationships -- Allen Thiher on misrepresentation in The metamorphosis -- Works by Franz Kafka.
|
| 541 |
1 |
|
|e 00020267
|
| 600 |
1 |
0 |
|a Kafka, Franz,
|d 1883-1924.
|t Verwandlung.
|
| 700 |
1 |
|
|a Bloom, Harold.
|
| 852 |
4 |
|
|a Ayesha Abed Library
|j General Shelf
|
| 999 |
|
|
|c 8677
|d 8677
|
| 952 |
|
|
|0 0
|1 0
|2 ddc
|4 0
|6 833_912000000000000_FRA_2007
|7 0
|9 10438
|a BRACUL
|b BRACUL
|c GEN
|d 2010-05-24
|l 13
|m 33
|o 833.912 FRA
|p 3010020267
|q 2026-01-29
|r 2026-01-15
|s 2026-01-15
|t 1
|w 2010-05-24
|y BK
|